Państwa bez wojska - Statystyki

Ogólne statystyki
  • Ten quiz został rozwiązany 22 416 razy
  • Średni wynik to 9 z 21
Statystyki odpowiedzi
Liczba ludności Państwo % Poprawnych
1,000 Watykan
87%
39,000 Monako
67%
77,000 Andora
65%
38,000 Liechtenstein
63%
340,000 Islandia
56%
11,000 Nauru
43%
18,000 Palau
42%
59,000 Wyspy Marshalla
42%
12,000 Tuvalu
41%
303,000 Vanuatu
40%
677,000 Wyspy Salomona
40%
105,000 Mikronezja
38%
198,000 Samoa
37%
72,000 Dominika
36%
118,000 Kiribati
36%
183,000 Saint Lucia
34%
111,000 Saint Vincent i Grenadyny
32%
112,000 Grenada
28%
5,067,000 Kostaryka
27%
1,271,000 Mauritius
27%
4,275,000 Panama
27%
Nie znaleziono quizów pasujących do podanych kryteriów
Rozkład punktacji
Procent ludzi z każdym wynikiem
Percentyl według liczby udzielonych odpowiedzi
Twoja historia wyników
Nie rozwiązałeś tego quizu